| 000 | 00786nam a2200253Ia 4500 | ||
|---|---|---|---|
| 003 | OSt | ||
| 005 | 20220918173108.0 | ||
| 006 | a|||||r|||| 00| 0 | ||
| 007 | ta | ||
| 008 | 220917b |||||||| |||| 00| 0 eng d | ||
| 024 | _a4,951 | ||
| 037 | _cTextual | ||
| 040 |
_aARTS _cARTS _beng |
||
| 041 |
_2eng _aeng |
||
| 082 | _a2:55, qL1.1-.2 (2) | ||
| 110 |
_aBrimingham Libraries Co-Operative Mechanisation Project _944836 |
||
| 245 | 0 | _aCode of filing rules | |
| 260 |
_aBirmingham _c1971 |
||
| 500 | _aContents: Pt. A general and manual version (37p. Pt. B: Machine version (95p.) | ||
| 650 | _aLIBRARY SCIENCE | ||
| 700 |
_aBrimingham Libraries Co-Operative Mechanisation Project _944837 |
||
| 942 |
_h2:55, qL1.1-.2 (2) _cTEXL _2CC |
||
| 999 |
_c147137 _d147137 |
||